[Event "Druzynowe Mistrzostwa Polski Juniorow - II liga"]
[Site "Sypniewo k. Jastrowia"]
[Date "2023-06-19"]
[Round "6.61"]
[White "Krasniewski, Szymon"]
[Black "Syrkiewicz, Michal"]
[Result "1-0"]
[WhiteTitle "I"]
[BlackTitle "k"]
[WhiteElo "1856"]
[BlackElo "1945"]

1. d4 2. d5 3. c4 4. dxc4 5. Nf3 6. Nf6 7. e3 8. e6 9. Bxc4 10. c5 11. O-O 12.
a6 13. a4 14. Nc6 15. Nc3 16. Be7 17. dxc5 18. O-O 19. Qe2 20. Bxc5 21. Rd1 22.
Qe7 23. e4 24. Ng4 25. Rf1 26. Nge5 27. Nxe5 28. Nxe5 29. Bb3 30. Bd7 31. Be3
32. Bc6 33. Qh5 34. Bxe3 35. Qxe5 36. Qb4 37. fxe3 38. Qxb3 39. Rf2 40. Rad8 41.
h4 42. Rd3 43. Qc5 44. a5 45. Qxa5 46. Qc4 47. Raf1 48. f6 49. Qb6 50. Bxe4 51.
Rf4 52. Qc6 53. Qxc6 54. Bxc6 55. Re1 56. e5 57. Rc4 58. Rd2 59. Re2 60. Rfd8
61. Kf2 62. Rxe2+ 63. Nxe2 64. Rd2 65. Rb4 66. Kf7 67. Ke1 68. Rd3 69. Kf2 70.
f5 71. g3 72. Ke6 73. a5 74. Kd6 75. g4 76. Kc5 77. Rb6 78. Bb5 79. Nc3 80. Bc6
81. Ke2 82. Rd8 83. gxf5 84. Ra8 85. b4+ 86. Kc4 87. b5 88. Bh1 89. Kd2 90. Rxa5
91. e4 92. Ra7 93. Re6 94. b6 95. Rxb6 96. Kb3 97. Rc6 98. Bg2 99. b6 100. Rb7
101. Ke3 102. Bf1 103. Nd5 104. Ka4 105. Rc7 106. Ba6 107. h5 108. h6 109. Rxb7
110. Bxb7 111. Nc7 112. Ka5 113. Ne8 114. Kxb6 115. Nxg7 116. Ba6 117. f6 118.
Bc4 119. Nf5 120. Kc6 121. Nxh6 122. Kd7 123. Ng4 124. Bg8 125. f7 126. Bxf7 127.
Nxe5+ 128. Ke6 129. Nxf7 130. Kxf7 131. Kd4 1-0

[Event "Druzynowe Mistrzostwa Polski Juniorow - II liga"]
[Site "Sypniewo k. Jastrowia"]
[Date "2023-06-19"]
[Round "6.62"]
[White "Olszewski, Antoni"]
[Black "Krasniewski, Maciej"]
[Result "0-1"]
[WhiteTitle "I"]
[BlackTitle "I"]
[WhiteElo "1767"]
[BlackElo "1696"]

1. e4 2. g6 3. d4 4. Bg7 5. Nc3 6. d6 7. Bf4 8. a6 9. Qd2 10. b5 11. O-O-O 12.
Bb7 13. a3 14. Nd7 15. Nf3 16. c5 17. dxc5 18. Nxc5 19. Qe3 20. Nf6 21. Bd3 22.
Ng4 23. Qe1 24. Qb6 25. e5 26. dxe5 27. Nxe5 28. Nxf2 29. Nxf7 30. Kxf7 31. Rf1
32. Nfxd3+ 33. cxd3 34. Bf6 35. g4 36. Rad8 37. g5 38. Nxd3+ 39. Rxd3 40. Rxd3
41. gxf6 42. exf6 43. Bg5 44. Rf3 45. Rxf3 46. Bxf3 47. Be3 48. Qc6 49. Qd2 50.
Re8 51. Kb1 52. a5 53. Qd4 54. b4 55. axb4 56. axb4 57. Na2 58. Qe4+ 59. Qxe4
60. Rxe4 61. Bd2 62. Re2 63. Bxb4 64. Be4+ 65. Ka1 66. Rxh2 67. Nc3 68. f5 0-1

[Event "Druzynowe Mistrzostwa Polski Juniorow - II liga"]
[Site "Sypniewo k. Jastrowia"]
[Date "2023-06-19"]
[Round "6.63"]
[White "Rzap, Filip"]
[Black "Chmielnicki, Michal"]
[Result "1-0"]
[WhiteTitle "II+"]
[BlackTitle "II"]
[WhiteElo "1511"]
[BlackElo "1087"]

1. d4 2. d5 3. c4 4. e6 5. Nc3 6. a6 7. cxd5 8. exd5 9. Nf3 10. Nf6 11. Bg5 12.
Be6 13. e3 14. Bd6 15. Bd3 16. Nbd7 17. Qc2 18. h6 19. Bh4 20. O-O 21. Bg3 22.
Bxg3 23. hxg3 24. c6 25. Nh4 26. Re8 27. Bf5 28. Bxf5 29. Nxf5 30. Nf8 31. Rh3
32. Ng4 33. O-O-O 34. Qf6 35. Rh4 36. h5 37. Rxh5 38. g6 39. Nh6+ 40. Nxh6 41.
Rxh6 42. Rad8 43. Kb1 44. b6 45. Qd2 46. c5 47. Rh4 48. Kg7 49. dxc5 50. bxc5
51. Nxd5 52. Qe5 53. Qc3 54. Qxc3 55. Nxc3 56. Rxd1+ 57. Nxd1 58. Rd8 59. Kc2
60. Rd6 61. Nc3 62. Ne6 63. Ra4 64. Nc7 65. Ra5 66. Rc6 67. Ne4 68. Ne6 69. g4
70. Kh6 71. g5+ 72. Nxg5 73. Rxc5 74. Re6 75. Nxg5 1-0

[Event "Druzynowe Mistrzostwa Polski Juniorow - II liga"]
[Site "Sypniewo k. Jastrowia"]
[Date "2023-06-19"]
[Round "6.64"]
[White "Sieminski, Tymoteusz"]
[Black "Krasniewski, Grzegorz"]
[Result "0-1"]
[WhiteTitle "III"]
[BlackTitle "II"]
[WhiteElo "1091"]
[BlackElo "1220"]

1. e4 2. c5 3. Nf3 4. g6 5. c3 6. Bg7 7. d4 8. cxd4 9. cxd4 10. d5 11. e5 12. Bg4
13. Bb5+ 14. Nd7 15. Nbd2 16. Nh6 17. O-O 18. O-O 19. h3 20. Bxf3 21. Nxf3 22.
a6 23. Bxd7 24. Qxd7 25. b3 26. f6 27. Ba3 28. Rfe8 29. Re1 30. Qb5 31. Qd2 32.
Nf7 33. Rac1 34. fxe5 35. dxe5 36. e6 37. Qe3 38. Bh6 39. Qc3 40. Bxc1 41. Rxc1
42. Qd7 43. Qd4 44. Rac8 45. Ra1 46. Qc7 47. h4 48. Qc3 49. Rc1 50. Qxd4 51. Nxd4
52. Rxc1+ 53. Bxc1 54. Nxe5 55. f4 56. Nd3 57. Bd2 58. e5 59. fxe5 60. Rxe5 61.
Bc3 62. Re4 63. Nf3 64. Nc1 65. Bd2 66. Nxa2 67. Ng5 68. Rxh4 69. g3 70. Rg4 71.
Kf2 72. Rxg5 73. Bxg5 74. Nb4 75. Ke3 76. Nc6 77. Bf4 78. Kf7 79. g4 80. h5 81.
gxh5 82. gxh5 83. Bd6 84. Ke6 0-1

[Event "Druzynowe Mistrzostwa Polski Juniorow - II liga"]
[Site "Sypniewo k. Jastrowia"]
[Date "2023-06-19"]
[Round "6.67"]
[White "Grzadka, Artur"]
[Black "Mastej, Krzysztof"]
[Result "1-0"]
[WhiteTitle "I"]
[BlackTitle "II+"]
[WhiteElo "1770"]
[BlackElo "1502"]

1. d4 2. Nf6 3. Nf3 4. e6 5. Bg5 6. h6 7. Bh4 8. d5 9. e3 10. Be7 11. Bd3 12. a6
13. Nbd2 14. c5 15. c3 16. Nc6 17. O-O 18. cxd4 19. exd4 20. Qc7 21. Qe2 22. O-O
23. Rac1 24. Re8 25. Ne5 26. Nxe5 27. dxe5 28. Nd7 29. Bg3 30. Nc5 31. Bb1 32.
Qb6 33. b4 34. Na4 35. Bf4 36. Bd7 37. Qg4 38. Bg5 39. Bxg5 40. hxg5 41. Qh5 42.
g6 43. Qxg5 44. Qd8 45. Qh6 46. Qe7 47. h4 48. Qf8 49. Qg5 50. Qg7 51. Rfe1 52.
Rac8 53. c4 54. Nb2 55. c5 56. Bb5 57. Re3 58. d4 59. Rg3 60. d3 61. a4 62. Nxa4
63. Bxd3 64. Red8 65. Bxb5 66. axb5 67. Ne4 68. Rd4 69. Nd6 70. Rb8 71. Rb1 72.
Nc3 73. Rxc3 1-0

[Event "Druzynowe Mistrzostwa Polski Juniorow - II liga"]
[Site "Sypniewo k. Jastrowia"]
[Date "2023-06-19"]
[Round "6.68"]
[White "Wegrzyn, Samuel"]
[Black "Dysko, Michal"]
[Result "1/2-1/2"]
[WhiteTitle "II+"]
[BlackTitle "II+"]
[WhiteElo "1384"]
[BlackElo "1500"]

1. c4 2. c5 3. g3 4. e6 5. Bg2 6. Nf6 7. d3 8. d5 9. cxd5 10. Nxd5 11. Nc3 12.
Nxc3 13. bxc3 14. Be7 15. Qa4+ 16. Bd7 17. Qb3 18. Nc6 19. Qxb7 20. Rb8 21. Qa6
22. Bf6 23. Bd2 24. Nb4 25. cxb4 26. Bxa1 27. Qxa7 28. cxb4 29. Nh3 30. Bc3 31.
Bxc3 32. bxc3 33. O-O 34. c2 35. Qa3 36. Qe7 37. Qc3 38. O-O 39. Qxc2 40. Rfc8
41. Qd2 42. Qa3 43. Ng5 44. Rb2 45. Qf4 46. Be8 47. Qe4 48. g6 49. Nxe6 50. Qxa2
51. Nd4 52. Rb1 53. Bh3 54. Rcb8 55. Rxb1 56. Rxb1+ 57. Kg2 58. Qa4 59. e3 60.
Rd1 61. Bg4 62. Rb1 63. h4 64. h5 65. Bf3 66. Bd7 67. Qa8+ 68. Qxa8 69. Bxa8 70.
Rd1 71. Be4 72. Kg7 73. Nf3 74. f5 75. Bb7 76. Rxd3 77. Ne5 78. Rd2 1/2-1/2

[Event "Druzynowe Mistrzostwa Polski Juniorow - II liga"]
[Site "Sypniewo k. Jastrowia"]
[Date "2023-06-19"]
[Round "6.69"]
[White "Olejko, Wojciech"]
[Black "Oberc, Szymon"]
[Result "1/2-1/2"]
[WhiteTitle "II"]
[BlackTitle "II+"]
[WhiteElo "1288"]
[BlackElo "1427"]

1. e4 2. e5 3. Nf3 4. Nc6 5. d4 6. exd4 7. Nxd4 8. Bc5 9. Be3 10. Nxd4 11. Bxd4
12. Bxd4 13. Qxd4 14. Qf6 15. Qxf6 16. Nxf6 17. Bd3 18. d6 19. Nc3 20. a6 21.
a4 22. O-O 23. O-O 24. Re8 25. Rfe1 26. Bd7 27. f3 28. Re7 29. Kf2 30. Rae8 31.
b3 32. Bc6 33. Rad1 34. Kf8 35. Bc4 36. Re5 37. Bd3 38. R5e7 39. Bc4 40. Re5 41.
Bd3 42. R5e7 43. Bc4 44. Re5 1/2-1/2

[Event "Druzynowe Mistrzostwa Polski Juniorow - II liga"]
[Site "Sypniewo k. Jastrowia"]
[Date "2023-06-19"]
[Round "6.71"]
[White "Moscicka, Alicja"]
[Black "Niedorys, Karolina"]
[Result "0-1"]
[WhiteTitle "II"]
[BlackTitle "I+"]
[WhiteElo "1181"]
[BlackElo "1519"]

1. e4 2. c5 3. Nc3 4. d6 5. d3 6. g6 7. Be3 8. Bg7 9. Qd2 10. Nf6 11. Nge2 12.
Ng4 13. Bf4 14. O-O 15. h3 16. Ne5 17. h4 18. h5 19. Ng3 20. Nbc6 21. O-O-O 22.
Kh7 23. f3 24. Be6 25. Be2 26. Qa5 27. a3 28. b5 29. Nb1 30. b4 31. Be3 32. Ba2
33. axb4 34. Nxb4 35. c3 36. Bxb1 37. cxb4 38. Qa1 39. Qc2 40. Bxc2+ 41. Kxc2
42. Qa4+ 0-1

[Event "Druzynowe Mistrzostwa Polski Juniorow - II liga"]
[Site "Sypniewo k. Jastrowia"]
[Date "2023-06-20"]
[Round "7.1"]
[White "Zalega, Maciej"]
[Black "Kulig, Pawel"]
[Result "1-0"]
[WhiteTitle "I++"]
[BlackTitle "I"]
[WhiteElo "2166"]
[BlackElo "1969"]

1. e4 2. c5 3. Nf3 4. Nc6 5. d4 6. cxd4 7. Nxd4 8. g6 9. c4 10. Nf6 11. Nc3 12.
d6 13. Be2 14. Nxd4 15. Qxd4 16. Bg7 17. Be3 18. O-O 19. Qd2 20. Be6 21. Rc1 22.
Qa5 23. f3 24. Rfc8 25. b3 26. a6 27. Na4 28. Qxd2+ 29. Kxd2 30. Nd7 31. g4 32.
f5 33. gxf5 34. gxf5 35. Nc3 36. b5 37. Rhg1 38. Kf7 39. f4 40. Nf6 41. Bf3 42.
b4 43. Nd5 44. Bxd5 45. exd5 46. Ne4+ 47. Kd3 48. a5 49. Rc2 50. Nf6 51. Bd4 52.
Bh6 53. Rcg2 54. a4 55. Bxf6 56. Kxf6 57. Re1 58. e5 59. dxe6 60. Ra7 61. Rf2
62. axb3 63. axb3 64. Rcc7 65. Bd5 66. Ra3 67. Rb1 68. Rg7 69. c5 70. dxc5 71.
Kc4 72. Rg4 73. Kxc5 74. Bf8+ 75. Kb5 76. Bd6 77. Re1 78. Ke7 79. Bc4 80. Rg8
81. Bd5 82. Rc8 83. Bb7 84. Rc5+ 85. Kb6 86. Rca5 87. Rd2 88. Bc5+ 89. Kc6 90.
Ba7 91. Rd7+ 92. Ke8 93. Rxh7 94. Rxb3 95. Kc7 1-0

[Event "Druzynowe Mistrzostwa Polski Juniorow - II liga"]
[Site "Sypniewo k. Jastrowia"]
[Date "2023-06-20"]
[Round "7.2"]
[White "Ochalik, Filip"]
[Black "Starosciak, Szymon"]
[Result "0-1"]
[WhiteTitle "I"]
[BlackTitle "I++"]
[WhiteElo "1697"]
[BlackElo "1928"]

1. c4 2. e5 3. Nc3 4. Nc6 5. g3 6. g6 7. Bg2 8. Bg7 9. d3 10. d6 11. e4 12. Nge7
13. Nge2 14. O-O 15. O-O 16. Nd4 17. Nxd4 18. exd4 19. Ne2 20. c5 21. a3 22. a5
23. b3 24. Bd7 25. Bf4 26. Bc6 27. b4 28. b6 29. b5 30. Bb7 31. a4 32. Qd7 33.
f3 34. f5 35. h3 36. h6 37. g4 38. g5 39. Bh2 40. f4 41. h4 42. Ng6 43. h5 44.
Ne5 45. Bh3 46. Qf7 47. Rc1 48. Bc8 49. Kf2 50. Be6 51. Qb3 52. Qd7 53. Rg1 54.
Rae8 55. Rg2 56. Bf7 57. Ng1 58. Kh8 59. Rc2 60. d5 61. cxd5 62. Bxd5 63. exd5
64. Qxd5 65. Qa3 66. c4 67. dxc4 68. Nxc4 69. Qd3 70. Ne5 71. Qd1 72. d3 73. Rd2
74. Qd4+ 75. Kf1 76. Nc4 77. Qc1 78. Ne3+ 79. Kf2 80. Rc8 81. Qb1 82. Nc4+ 83.
Kf1 84. Nxd2+ 85. Rxd2 86. Rfd8 87. Kg2 88. Qe3 89. Qd1 90. Qxd2+ 91. Qxd2 92.
Rc2 93. Bxf4 94. gxf4 0-1

[Event "Druzynowe Mistrzostwa Polski Juniorow - II liga"]
[Site "Sypniewo k. Jastrowia"]
[Date "2023-06-20"]
[Round "7.4"]
[White "Krzyzek, Daniel"]
[Black "Prokopiuk, Jakub"]
[Result "0-1"]
[WhiteTitle "II"]
[BlackTitle "I"]
[WhiteElo "1244"]
[BlackElo "1522"]

1. d4 2. Nf6 3. c4 4. g6 5. Nc3 6. Bg7 7. e4 8. d6 9. Nf3 10. O-O 11. Be2 12. e5
13. d5 14. a5 15. O-O 16. Na6 17. Be3 18. Nc5 19. Bxc5 20. dxc5 21. Ne1 22. b6
23. Nd3 24. Re8 25. a3 26. Bd7 27. Qc2 28. Qe7 29. Rae1 30. Bg4 31. f3 32. Bd7
33. f4 34. exf4 35. e5 36. Ng4 37. Bxg4 38. Bxg4 39. Rxf4 40. Bf5 41. Ref1 42.
Bxe5 43. Nxe5 44. Bxc2 45. Nxf7 46. Qe3+ 47. Kh1 48. Qxf4 0-1

[Event "Druzynowe Mistrzostwa Polski Juniorow - II liga"]
[Site "Sypniewo k. Jastrowia"]
[Date "2023-06-20"]
[Round "7.5"]
[White "Goraj, Barbara"]
[Black "Siwak, Aleksandra"]
[Result "1-0"]
[WhiteTitle "WCM"]
[BlackTitle "II"]
[WhiteElo "2176"]
[BlackElo "1172"]

1. d4 2. Nf6 3. c4 4. g6 5. Nc3 6. Bg7 7. e4 8. d6 9. h3 10. O-O 11. Be3 12. Nbd7
13. Nf3 14. e5 15. d5 16. Nb6 17. g4 18. Bd7 19. Be2 20. c6 21. Nd2 22. cxd5 23.
cxd5 24. a6 25. Qb3 Nc8 26. Qxb7 27. Ne7 28. O-O 29. h5 30. f3 Nh7 31. Nc4 32.
f5 33. Nb6 34. Rb8 35. Qxd7 hxg4 36. hxg4 37. f4 38. Qxd8 39. Rfxd8 40. Bf2 41.
Ng5 42. Kg2 43. Kf7 44. Bxa6 45. Rh8 46. Rh1 47. Bf6 48. a4 1-0

[Event "Druzynowe Mistrzostwa Polski Juniorow - II liga"]
[Site "Sypniewo k. Jastrowia"]
[Date "2023-06-20"]
[Round "7.6"]
[White "Pawlikowska, Ewa"]
[Black "Rusiecki, Katarzyna"]
[Result "0-1"]
[WhiteTitle "I"]
[BlackTitle "I+"]
[WhiteElo "1325"]
[BlackElo "1332"]

1. e4 2. e6 3. d4 4. d5 5. Nc3 6. Nf6 7. Bg5 8. dxe4 9. Nxe4 10. Be7 11. Nxf6+
12. Bxf6 13. Bxf6 14. Qxf6 15. Nf3 16. O-O 17. Be2 18. c5 19. c3 20. Rd8 21. Qc2
22. cxd4 23. Nxd4 24. e5 25. Nf3 26. Bf5 27. Qb3 28. Nc6 29. O-O 30. e4 31. Ne1
32. Qg6 33. Kh1 34. Rd2 35. Bc4 36. Na5 37. Qb4 38. Nxc4 39. Qxc4 40. Rxb2 41.
a4 42. Rc8 43. Qd4 44. Qa6 45. Kg1 46. Qb6 47. Qe5 48. Qc5 49. Qg3 50. Be6 51.
Kh1 52. Bc4 53. Rg1 54. Qxf2 55. Qg4 56. f5 57. Qh3 58. Be2 59. Rc1 60. Bg4 61.
Qg3 62. Qxg3 63. hxg3 64. Be2 65. Nc2 66. Rc6 67. Rge1 68. Bd3 69. Nd4 70. Rf6
71. Kg1 72. g5 73. c4 74. Rb4 75. Kf2 76. f4 77. gxf4 78. gxf4 79. a5 80. Rb2+
81. Kg1 82. Rg6 83. Ne2 84. Bxe2 85. c5 86. Bf3 87. Kf1 88. Rgxg2 89. Red1 90.
Rbf2+ 91. Ke1 92. Bxd1 93. Rxd1 94. e3 95. Rd3 96. Rg1# 0-1

[Event "Druzynowe Mistrzostwa Polski Juniorow - II liga"]
[Site "Sypniewo k. Jastrowia"]
[Date "2023-06-20"]
[Round "7.7"]
[White "Kolodziejski, Piotr"]
[Black "Wilgosz, Szczepan"]
[Result "1-0"]
[WhiteTitle "k"]
[BlackTitle "I"]
[WhiteElo "2049"]
[BlackElo "1650"]

1. e4 2. c5 3. Nf3 4. d6 5. Bb5+ 6. Nd7 7. O-O 8. Nf6 9. Re1 10. a6 11. Bd3 12.
g6 13. c3 14. Ne5 15. Nxe5 16. dxe5 17. Bf1 18. Bg7 19. a4 20. O-O 21. d3 22.
Qc7 23. h3 24. Rd8 25. Qf3 26. b6 27. Be3 28. Bb7 29. Nd2 30. Ne8 31. g4 32. Nd6
33. Qg3 34. Kh8 35. f4 36. f6 37. fxe5 38. Nf7 39. d4 40. fxe5 41. d5 42. Nd6
43. Bd3 44. a5 45. Nf3 46. Ne8 47. Ng5 48. Rdc8 49. Qh4 50. Nf6 51. Rf1 52. h5
53. Ne6 54. Qd6 55. Qg5 56. Bxd5 57. exd5 58. Qxd5 59. Qxg6 60. Qxe6 61. Rxf6
1-0

[Event "Druzynowe Mistrzostwa Polski Juniorow - II liga"]
[Site "Sypniewo k. Jastrowia"]
[Date "2023-06-20"]
[Round "7.8"]
[White "Marek, Grzegorz"]
[Black "Kejna, Piotr"]
[Result "0-1"]
[WhiteTitle "I"]
[BlackTitle "CM"]
[WhiteElo "1651"]
[BlackElo "1991"]

1. b3 2. d5 3. Bb2 4. c5 5. e3 6. Nc6 7. Nf3 8. Nf6 9. Be2 10. Qc7 11. d4 12. Bf5
13. c4 14. e6 15. O-O 16. Rd8 17. cxd5 18. Nxd5 19. Nbd2 20. cxd4 21. Nxd4 22.
Nxd4 23. exd4 24. Bd6 25. Bb5+ 26. Kf8 27. Nf3 28. Nc3 29. Bxc3 30. Qxc3 31. h3
32. Ba3 33. Qe1 34. Qc7 35. Qe2 36. a6 37. Bd3 38. Bxd3 39. Qxd3 40. Rd5 41. Qc4
42. Qb6 43. b4 44. g6 45. Rab1 46. Rb5 47. Ne5 48. Kg7 49. Nd7 50. Qc6 51. Qxc6
52. bxc6 53. Ne5 54. Rc8 55. Nd3 56. Rcb8 57. Rb3 58. Bxb4 59. Nxb4 60. Rxb4 61.
Rxb4 62. Rxb4 63. Rc1 64. Rb6 65. Kf1 66. Kf6 67. Ke2 68. Ke7 69. Rc2 70. Kd6
71. Kd3 72. Rb5 73. Ke3 74. g5 75. g3 76. h6 77. f4 78. Ra5 79. fxg5 80. hxg5
81. Kf2 82. Ra4 83. Rd2 84. Kd5 85. Ke3 86. Ra3+ 87. Kf2 88. Ke4 89. Rc2 90. Kxd4
91. Rxc6 92. Rxa2+ 93. Kf3 94. Ke5 95. Rc5+ 96. Kf6 97. Kg4 98. Ra3 99. Rc7 100.
Kg6 101. Rc1 102. f5# 0-1

[Event "Druzynowe Mistrzostwa Polski Juniorow - II liga"]
[Site "Sypniewo k. Jastrowia"]
[Date "2023-06-20"]
[Round "7.9"]
[White "Komendecki, Antoni"]
[Black "Zajadlak, Milosz"]
[Result "1-0"]
[WhiteTitle "I++"]
[BlackTitle "II"]
[WhiteElo "1965"]
[BlackElo "1290"]

1. c4 2. e5 3. Nc3 4. Nf6 5. g3 6. d5 7. cxd5 8. Nxd5 9. Bg2 10. Be6 11. Nf3 12.
Nc6 13. O-O 14. Be7 15. d4 16. Nxc3 17. bxc3 18. exd4 19. cxd4 20. Bd5 21. Bb2
22. Qd7 23. Re1 24. Bb4 25. e4 26. Bc4 27. Re3 28. O-O-O 29. Qc2 30. Ba6 31. d5
32. Na5 33. Bxg7 34. Rhg8 35. Bc3 36. Bxc3 37. Rxc3 38. Kb8 39. Rb1 40. Rde8 41.
Rc5 42. Nc4 43. Rxc4 44. Bxc4 45. Qxc4 46. Rg4 47. Bh3 1-0

[Event "Druzynowe Mistrzostwa Polski Juniorow - II liga"]
[Site "Sypniewo k. Jastrowia"]
[Date "2023-06-20"]
[Round "7.10"]
[White "Wasilko, Szymon"]
[Black "Kawulski-chodkiewicz, Alexander"]
[Result "0-1"]
[WhiteTitle "II"]
[BlackTitle "I"]
[WhiteElo "1149"]
[BlackElo "1697"]

1. e4 2. e6 3. d4 4. d5 5. Nd2 6. Nf6 7. e5 8. Nfd7 9. Ngf3 10. c5 11. c3 12. Nc6
13. Bd3 14. Be7 15. O-O 16. g5 17. h3 18. h5 19. Re1 20. cxd4 21. cxd4 22. g4
23. hxg4 24. hxg4 25. Nh2 26. g3 27. fxg3 28. Nxd4 29. Qg4 30. Nc6 31. Ndf3 32.
Qb6+ 33. Kh1 34. Nc5 35. Qg7 36. Rf8 37. Bh7 38. Bd7 39. Ng5 40. O-O-O 41. Nxf7
42. Rde8 43. Nd6+ 44. Bxd6 45. exd6 46. e5 47. Bh6 48. e4 49. Be3 50. Qb5 51.
Bxc5 52. Qxc5 53. Rac1 54. Qxd6 55. Rcd1 56. Bf5 57. Bxf5+ 58. Rxf5 59. Qg4 60.
Qe6 61. Nf3 62. Kb8 63. Qg7 64. Rg8 65. Qh7 66. Rff8 67. Qh2 68. Rh8 69. Nh4 70.
Ne5 71. Kg1 72. Ng4 73. Qh3 74. Qb6+ 75. Kh1 76. Nf2+ 0-1

[Event "Druzynowe Mistrzostwa Polski Juniorow - II liga"]
[Site "Sypniewo k. Jastrowia"]
[Date "2023-06-20"]
[Round "7.11"]
[White "Romejko, Jagoda"]
[Black "Pietrzak, Emilia"]
[Result "1/2-1/2"]
[WhiteTitle "I"]
[BlackTitle "I+"]
[WhiteElo "1525"]
[BlackElo "1456"]

1. c4 2. e6 3. e4 4. c5 5. Nf3 6. Nc6 7. d4 8. cxd4 9. Nxd4 10. Nf6 11. Nc3 12.
d5 13. cxd5 14. exd5 15. exd5 16. Nxd5 17. Nxc6 18. bxc6 19. Nxd5 20. Qxd5 21.
Qxd5 22. cxd5 23. Bd2 24. Bc5 25. Rc1 26. Bb6 27. Bb4 28. f6 29. Bd3 30. Kf7 31.
O-O 32. Bb7 33. Rfe1 34. Rhe8 35. Bb5 36. Re4 37. Rxe4 38. dxe4 39. Kf1 40. Ke6
41. Rd1 42. Rd8 43. Bc4+ 44. Bd5 45. Bxd5+ 46. Rxd5 47. Rxd5 48. Kxd5 49. Ke2
50. f5 51. Bd2 52. Bd4 53. b3 54. Bf6 55. f3 56. g5 57. fxe4+ 58. Kxe4 59. Be3
60. a6 61. b4 62. Be7 63. Bd2 64. f4 65. h3 66. h5 67. a4 68. g4 1/2-1/2

[Event "Druzynowe Mistrzostwa Polski Juniorow - II liga"]
[Site "Sypniewo k. Jastrowia"]
[Date "2023-06-20"]
[Round "7.12"]
[White "Gorska, Amelia"]
[Black "Miklosz, Malgorzata"]
[Result "0-1"]
[WhiteTitle "I"]
[BlackTitle "I"]
[WhiteElo "1216"]
[BlackElo "1299"]

1. e4 2. c5 3. Nf3 4. Nc6 5. d4 6. cxd4 7. Nxd4 8. Qb6 9. Nb3 10. e6 11. Be3 12.
Qc7 13. g3 14. a6 15. Bg2 16. Nf6 17. O-O Be7 18. Nc3 19. b5 20. a3 21. d6 22.
f4 23. Bb7 24. Nd4 25. Na5 26. Qe2 27. O-O 28. f5 29. e5 30. Nb3 31. Nc4 32. Rab1
33. Nxa3 34. bxa3 35. Qxc3 36. Qd3 37. Rac8 38. Rfc1 39. d5 40. Bg5 41. dxe4 42.
Qxc3 43. Rxc3 44. Bxf6 45. Bxf6 46. Na5 47. Ba8 48. Rb3 49. Rfc8 50. Rxc3 51.
Rxc3 52. Nb3 53. Bg5 54. Rd1 55. Rxc2 56. h4 57. Bf6 58. Rd7 59. h6 60. Ra7 61.
Bd5 62. Na5 63. Rc3 64. Rxa6 65. Rxa3 66. Ra7 67. b4 68. Bf1 69. Bd8 70. Rd7 71.
Bb6+ 72. Kh2 73. Rxa5 74. Re7 75. Ra2+ 76. Kh3 77. Bg1 78. h5 79. e3 80. Rxe5
81. Bf3 82. g4 83. e2 84. Kg3 85. exf1=Q 86. g5 87. Rg2+ 88. Kh4 89. Bf2+ 90.
Kh3 91. Bg4# 0-1

[Event "Druzynowe Mistrzostwa Polski Juniorow - II liga"]
[Site "Sypniewo k. Jastrowia"]
[Date "2023-06-20"]
[Round "7.13"]
[White "Rychlik, Michal"]
[Black "Halhoul, Adam"]
[Result "0-1"]
[WhiteTitle "I"]
[BlackTitle "I"]
[WhiteElo "1839"]
[BlackElo "1759"]

1. c4 2. Nf6 3. Nc3 4. g6 5. g3 6. Bg7 7. Bg2 8. O-O 9. Nf3 10. d6 11. O-O 12.
e5 13. d3 14. a5 15. a3 16. h5 17. Bg5 18. Qe8 19. Bxf6 20. Bxf6 21. Nd2 22. Bg7
23. b4 24. axb4 25. axb4 26. Rxa1 27. Qxa1 28. h4 29. b5 30. h3 31. Bh1 32. Nd7
33. Nb3 34. f5 35. Qa7 36. e4 37. Nd5 38. c6 39. bxc6 40. bxc6 41. Nf4 42. g5
43. Nxh3 44. Qh5 45. Bg2 46. Ne5 47. f4 48. exf3 49. exf3 50. f4 51. g4 52. Nxf3+
53. Rxf3 54. Bxg4 55. Rf2 56. Bxh3 57. Bf3 58. g4 59. Bxc6 60. g3 61. Bd5+ 62.
Kh8 63. hxg3 64. Qd1+ 65. Kh2 66. fxg3+ 67. Kxg3 68. Qg4+ 69. Kh2 70. Be5+ 71.
Kh1 72. Qd1+ 0-1

[Event "Druzynowe Mistrzostwa Polski Juniorow - II liga"]
[Site "Sypniewo k. Jastrowia"]
[Date "2023-06-20"]
[Round "7.14"]
[White "Bednarczyk, Mateusz"]
[Black "Haluja, Wiktor"]
[Result "1-0"]
[WhiteTitle "I"]
[BlackTitle "II+"]
[WhiteElo "1681"]
[BlackElo "1573"]

1. e4 2. c6 3. c4 4. d5 5. exd5 6. cxd5 7. cxd5 8. Nf6 9. Nc3 10. Nxd5 11. Bc4
12. Nb6 13. Bb3 14. Nc6 15. Nf3 16. Bf5 17. d4 18. e6 19. h3 20. Be7 21. O-O 22.
O-O 23. Be3 24. Bf6 25. Qd2 26. h5 27. Rac1 28. Ne7 29. Bg5 30. Nc6 31. Rfd1 32.
Nxd4 33. Nxd4 34. Bxg5 35. f4 36. Be7 37. Nxf5 38. exf5 39. Qe2 40. Bc5+ 41. Kh1
42. Qh4 43. Qe5 44. Rac8 45. Nb5 46. Qe7 47. Nxa7 Qxe5 48. fxe5 49. Rc7 50. Nb5
51. Rcc8 52. e6 53. Be3 54. exf7+ 55. Kh7 56. Rxc8 57. Nxc8 58. Rd7 59. b6 60.
Nc7 61. Kg6 62. Nd5 63. Bc5 64. Nf4+ 65. Kf6 66. Ne6 67. Rh8 68. Nxc5 69. bxc5
70. a4 71. g5 72. a5 73. Kg7 74. a6 75. c4 76. Bxc4 77. Nb6 78. f8=Q+ 79. Kxf8
80. Rd8+ 81. Kg7 82. Rxh8 83. Kxh8 84. a7 85. Kg7 86. Bd5 1-0

[Event "Druzynowe Mistrzostwa Polski Juniorow - II liga"]
[Site "Sypniewo k. Jastrowia"]
[Date "2023-06-20"]
[Round "7.15"]
[White "Majcher, Igor"]
[Black "Sakharchuk, Aliaksandr"]
[Result "1/2-1/2"]
[WhiteTitle "I"]
[BlackTitle "II+"]
[WhiteElo "1732"]
[BlackElo "1509"]

1. e4 e6 2. d4 3. d5 4. Nc3 5. Nf6 6. Bg5 7. Be7 8. e5 9. Nfd7 10. Bxe7 11. Qxe7
12. f4 13. a6 14. Nf3 15. c5 16. dxc5 17. Nxc5 18. Be2 19. Nc6 20. O-O 21. f5
22. Nd4 23. Nxd4 24. Qxd4 25. Bd7 26. Bf3 27. Bc6 28. Rad1 29. Rd8 30. a3 31.
O-O 32. Kh1 33. Ne4 34. Qe3 35. Qc5 36. Qxc5 37. Nxc5 38. Rd4 39. Ne4 40. Nd1
41. h6 42. Ne3 43. g5 44. g3 45. g4 46. Bxe4 47. dxe4 48. Rfd1 49. Rxd4 50. Rxd4
51. Kf7 52. Kg1 53. Ke7 54. Nc4 55. Rh8 56. h4 57. gxh3 58. Kh2 59. h5 60. Kxh3
61. Rg8 62. Ne3 63. Rh8 64. Kh4 65. Rg8 66. c4 67. b5 68. c5 69. Rc8 70. b4 71.
Ra8 72. Rd6 Be8 73. Rb6 a5 1/2-1/2